Delivering retail destinations with purpose (Record no. 121163)

MARC details
000 -LEADER
fixed length control field 01255nam a2200205 4500
008 - FIXED-LENGTH DATA ELEMENTS--GENERAL INFORMATION
fixed length control field 191120b2019 ||||| |||| 00| 0 eng d
041 ## - LANGUAGE CODE
Language code of text/sound track or separate title eng
110 ## - MAIN ENTRY--CORPORATE NAME
Corporate author Hammerson PLC.
245 ## - TITLE STATEMENT
Title Delivering retail destinations with purpose
Subtitle How Hammerson and retailers can collaborate to achieve shared sustainability ambition.
Statement of responsibility, etc Executive summary
520 ## - ABSTRACT
Abstract Hammerson has committed to becoming Net Positive by 2030 in four areas with the greatest material sustainability impacts for its business: carbon, resource use, water and socio-economic factors... Highlights the findings of a workshop developed by Bioregional attended by Hammerson and representatives from its shopping centre tenants to address climate change issues. Four agreed collaborative measures include sustainability innovation forums led by Hammerson with representatives form tenants, adoption of circular fit out principles, a single data sharing platform to collate operational data and sustainable leases.
650 ## - KEYWORDS
Keywords Climate change
650 ## - KEYWORDS
Keywords Responsible business
650 ## - KEYWORDS
Keywords Valuetheplanet
650 ## - KEYWORDS
Keywords Retail
650 ## - KEYWORDS
Keywords Shopping centres
651 ## - SUBJECT ADDED ENTRY--GEOGRAPHIC NAME
Geographic name United Kingdom 1973
690 ## - BROAD SUBJECT
9 (RLIN) 6271
Broad subject Sustainability
710 2# - ADDED CORPORATE NAME
Added corporate author BioRegional
942 ## - ADDED ENTRY ELEMENTS (KOHA)
Suppress in OPAC Do not suppress in OPAC
Holdings
Lost status Damaged status Not for loan Home library Current library Shelving location Date acquired Total Checkouts Date last seen Price effective from Koha item type
      Virtual Virtual Online 20/11/2019   20/11/2019 20/11/2019 Book